书目信息 |
| 题名: |
服饰与中国文化
|
|
| 作者: | 华梅 | |
| 分册: | ||
| 出版信息: | 北京 人民出版社 2001 |
|
| 页数: | 807页 | |
| 开本: | 20cm | |
| 丛书名: | ||
| 单 册: | ||
| 中图分类: | K892.23 | |
| 科图分类: | ||
| 主题词: | 风俗习惯 | |
| 电子资源: | ||
| ISBN: | 7-01-003376-5 | |
| 000 | 00489nam0 2200181 450 | |
| 001 | 0728815141 | |
| 005 | 20070819080015.14 | |
| 010 | @a7-01-003376-5@d¥69.00 | |
| 100 | @a20070819d km y0chiy0120 ea | |
| 101 | 0 | @achi |
| 200 | 1 | @a服饰与中国文化@Afu shi yu zhong guo wen hua@f华梅@Fhua mei |
| 210 | @a北京@c人民出版社@d2001 | |
| 215 | @a807页@d20cm | |
| 606 | 0 | @a风俗习惯 |
| 690 | @aK892.23@v3 | |
| 701 | 0 | @a华梅@Ahua mei |
| 801 | 0 | @aCN@bPFT@c20070819 |
| 905 | @a213230@dK892.23@eZW2@f1 | |
| 服饰与中国文化/华梅.-北京:人民出版社,2001 |
| 807页;20cm |
| ISBN 7-01-003376-5:¥69.00 |
| ● |
| 相关链接 |
|
|
|
|
正题名:服饰与中国文化
索取号:K892.23/ZW2
 
预约/预借
| 序号 | 登录号 | 条形码 | 馆藏地/架位号 | 状态 | 备注 |
| 1 | 7611431 | 276114312 | 密集书库-文学院/ [索取号:K892.23/ZW2] | 在馆 |